[Event "83rd ESP-ch Women-ch 2018"]
[Site "Linares"]
[Date "2018.08.22"]
[Round "3"]
[White "Santos Latasa, Jaime"]
[Black "Romero Romero, Sebastian"]
[Result "1-0"]
[WhiteElo "2582"]
[BlackElo "2171"]
[Annotator "TA"]
[PlyCount "119"]
[EventDate "2018.08.09"]
[EventType "tourn"]
[EventCountry "ESP"]
[SourceTitle "playchess.com"]
[Source "ChessBase"]
[SourceQuality "1"]

{[%evp 17,119,0,27,0,17,-10,35,29,34,29,54,54,50,41,38,0,0,0,0,0,0,-66,-70,-146,-129,-129,-127,-136,-57,-53,-22,-65,0,0,0,0,0,0,0,8,34,25,22,3,6,6,6,6,16,14,126,120,131,114,197,195,189,166,166,160,204,220,262,206,225,209,248,242,229,200,204,203,202,194,333,233,238,223,205,191,180,120,199,187,218,189,232,232,489,362,359,353,359,354,343,333,560,548,507,514,695,695,685,646]} 1. d4 f5 2. g3 Nf6 3. Bg2 e6 4. Nf3 d5 5. O-O Bd6 6. c4 c6 7. b3 Qe7 8. Bb2 O-O 9. Qc1 Nbd7 {LiveBook: 22 Games. A90: Dutch Defence: Miscellaneous and Modern Stonewall (with ...Bd6)} (9... b6 10. Ba3 Bb7 11. Bxd6 Qxd6 12. Nc3 Nbd7 13. Rd1 Ne4 14. e3 a5 15. Qb2 Ba6 16. Rac1 Rfc8 17. a3 Qe7 18. Bf1 Bb7 19. Bg2 Ba6 20. Bf1 Bb7 21. Bg2 Ba6 {½-½ (21) Rozum,I (2573)-Oparin,G (2605) Sochi 2017}) 10. Rd1 a5 $146 {[%cal Ba7a5,Ba5a4][%mdl 32]} ({Predecessor:} 10... Ne4 11. Nbd2 Ndf6 12. Ne5 Bd7 13. c5 Bc7 14. b4 a5 15. bxa5 Rxa5 16. Nb3 Ra4 17. f3 Nxg3 18. hxg3 {1-0 (28) Bilsel,S (2041)-Gosme,E (1593) IECG email 1997}) 11. Ba3 a4 {The position is equal.} 12. Bxd6 Qxd6 13. Nc3 a3 14. c5 Qe7 15. Qf4 Ne4 16. Rac1 e5 $36 {[%mdl 2048] Black is pushing.} 17. Nxe5 g5 $1 {[%cal Rg5f4]} 18. Qe3 {[%cal Rc3e4]} f4 19. gxf4 (19. Qd3 $1 $11 Nxe5 20. dxe5 Nxc3 21. Qxc3) 19... gxf4 $15 20. Qf3 (20. Qd3 $1 $15 Nxe5 21. dxe5 Nxc5 22. Nxd5 cxd5 23. Qxd5+ Ne6 24. Qd6) 20... Ng5 21. Qh5 Nxe5 22. dxe5 Qxe5 (22... Rf5 $17 {Threatens to win with ...f3.} 23. Kh1 Nf7) 23. Kh1 $1 {[%cal Rg2d5]} Nf7 24. Qh4 {[%cal Rc3d5] With the idea Nxd5.} Qg5 (24... Kh8 $15) 25. Qxg5+ $11 Nxg5 26. Bxd5+ cxd5 27. Rg1 $1 {[%cal Rg1g5]} h6 28. h4 $1 {[%cal Rh4g5]} Rf5 29. hxg5 hxg5 30. Nb5 Re5 31. Nd4 g4 32. f3 Bd7 33. Kg2 g3 (33... Rc8 $11) 34. Rh1 $16 Rae8 35. Rce1 Bb5 (35... R5e7 $16) 36. Rh4 $18 {[#] And now Rg4+ would win.} Bxe2 37. Rg4+ ({Weaker is} 37. Rxf4 Bxf3+ 38. Nxf3 Rxe1 $11) 37... Kf7 {Strongly threatening ...Re4!} 38. Rxf4+ Kg6 39. Kxg3 Bd3 40. Rd1 Ba6 41. Kf2 Rg5 42. Rh4 Kf6 43. Rh6+ Rg6 44. Rxg6+ Kxg6 {[%mdl 4096] Endgame KRB-KRN} 45. Rc1 Rc8 (45... Kf7 $142 46. Rc3 Ra8) 46. Rc3 Rh8 47. Kg3 Kf6 {White must now prevent ...Ke5.} 48. f4 Bf1 {Hoping for ...Rh3+.} 49. Kf2 ({White should try} 49. c6 $18 bxc6 50. Rxc6+ Ke7 51. f5) 49... Ba6 {[#]} (49... Bh3 $16) 50. c6 $1 {[%cal Bc5c6,Bc6c7][%mdl 32]} b6 51. c7 Bb7 52. Re3 Rh2+ $2 (52... Bc8 53. Re2 Bd7) 53. Kf3 Rh3+ 54. Ke2 Rh2+ 55. Kd3 Kf7 56. Re6 Rh3+ $2 (56... Bc8 57. Rxb6 Ke7) 57. Kc2 {White is clearly winning.} Rh2+ 58. Kc3 Rh3+ 59. Kb4 Bc8 {Now ...Rd3 and Black clings on.} 60. Rd6 {Precision: White = 77%, Black = 43%.} 1-0

[Event "83rd ESP-ch Women-ch 2018"]
[Site "Linares"]
[Date "2018.08.22"]
[Round "3"]
[White "Santos Ruiz, Miguel"]
[Black "Ayats Llobera, Gerard"]
[Result "1/2-1/2"]
[WhiteElo "2517"]
[BlackElo "2345"]
[Annotator "TA"]
[PlyCount "39"]
[EventDate "2018.08.09"]
[EventType "tourn"]
[EventCountry "ESP"]
[SourceTitle "playchess.com"]
[Source "ChessBase"]
[SourceQuality "1"]

{[%evp 13,39,21,33,20,36,25,37,2,9,4,41,56,21,22,61,55,53,60,36,33,41,0,52,0,43,0,59,0]} 1. d4 Nf6 2. c4 g6 3. f3 Bg7 4. e4 d6 5. Nc3 O-O 6. Bg5 Nc6 7. Nge2 a6 {LiveBook: 218 Games} 8. h4 {E81: King's Indian: Sämisch: 6th move deviations (including 6 Be3 c6)} (8. Qd2 Bd7 9. Ng3 e5 10. dxe5 Nxe5 11. Be2 b5 12. f4 Nxc4 13. Bxc4 bxc4 14. e5 dxe5 15. fxe5 Qe7 16. O-O Qc5+ {0-1 (27) Matlakov,M (2689)-Guseinov,G (2634) Baku 2015}) 8... e5 $146 ({Predecessor:} 8... h5 9. Qd2 Re8 10. O-O-O b5 11. Nd5 bxc4 12. Nxf6+ exf6 13. Bh6 f5 14. Bxg7 Kxg7 15. exf5 Bxf5 {1-0 (61) Lin,W (2465)-Teske,H (2390) Frunze 1989}) 9. d5 Nd4 10. h5 {next h6 is good for White.} h6 11. Be3 Nxe2 (11... Nxh5 {looks sharper.} 12. Nxd4 Ng3 13. Rh2 exd4 14. Bxd4 Qg5) 12. Nxe2 Nxh5 13. Qd2 Qf6 14. Bxh6 Bxh6 15. Qxh6 {[#] Threatens to win with Rxh5.} Qg7 16. Qe3 Qf6 17. Qh6 {Strongly threatening Rxh5.} Qg7 18. Qe3 Qf6 $1 19. Qh6 {[#] And now Rxh5 would win.} Qg7 20. Qe3 (20. Qd2 $14) 1/2-1/2

[Event "83rd ESP-ch Women-ch 2018"]
[Site "Linares"]
[Date "2018.08.22"]
[Round "3"]
[White "Arizmendi Martinez, Julen Luis"]
[Black "Garcia Romero, Benjamin Abel"]
[Result "0-1"]
[WhiteElo "2507"]
[BlackElo "2230"]
[Annotator "TA"]
[PlyCount "78"]
[EventDate "2018.08.09"]
[EventType "tourn"]
[EventCountry "ESP"]
[SourceTitle "playchess.com"]
[Source "ChessBase"]
[SourceQuality "1"]

{[%evp 16,78,20,10,22,23,66,56,43,37,52,55,55,55,67,73,75,66,62,55,77,31,30,0,0,-43,-35,-36,-45,-42,-39,-53,-40,-156,-175,-189,-180,-189,-163,-225,-228,-262,-156,-155,-131,-137,-140,-543,-548,-598,-595,-766,-757,-828,-791,-1052,-858,-1702,-1660,-29986,-29987,-29993,-29994,-29995,-29995]} 1. e4 e5 2. Nf3 Nc6 3. Bb5 a6 4. Ba4 Nf6 5. O-O Be7 6. Re1 b5 7. Bb3 O-O 8. a4 b4 9. a5 {LiveBook: 63 Partien} Rb8 {C88: Spanische Partie (Geschlossenes System)} (9... d6 10. d3 Rb8 11. h3 h6 12. Be3 Re8 13. Nbd2 Bf8 14. c3 Be6 15. Ba4 Bd7 16. Qc2 Ne7 17. d4 bxc3 18. bxc3 {0-1 (64) Yu,Y (2759)-Svidler,P (2753) Shenzhen 2018}) 10. d4 d6 11. d5 Na7 $1 {Weiß steht etwas besser.} 12. c4 $146 ({Vorgänger:} 12. Be3 c5 13. dxc6 Nxc6 14. Bb6 Qe8 15. Nbd2 Nd7 16. Be3 Nf6 17. h3 {1-0 (63) Van Oosterom,C (2380)-Timman,J (2575) Helmond 2012}) 12... c5 13. Nbd2 Ne8 14. Nf1 g6 15. Bh6 Ng7 16. Qd2 Bd7 17. h3 f5 18. exf5 gxf5 19. Ng5 Qe8 20. Bxg7 (20. Ne6 $5 Bxe6 21. dxe6 $14) 20... Kxg7 21. Ne6+ Bxe6 $1 22. dxe6 Qc8 $1 23. f4 Qxe6 24. fxe5 ({Besser ist} 24. Ba4 $1 $15) 24... dxe5 $17 {[%cal Bd6e5,Be5e4][%mdl 32]} 25. Qd5 Qxd5 26. cxd5 e4 27. Ne3 (27. g4 $142) 27... Nb5 $19 28. Bc4 Kg6 (28... Nd6 $19 29. Bxa6 Bf6) 29. Bxb5 $17 Rxb5 30. g4 f4 31. Nf5 $2 {[%mdl 8192] [#]} (31. Nc4 $17 e3 32. Rf1) 31... Rxf5 $19 32. gxf5+ Kxf5 {[%mdl 4096] Endspiel KTT-KTL} 33. Rac1 {Jetzt Tc4 und Weiss darf weiter klammern.} Bf6 34. d6 Bd4+ 35. Kf1 Rb7 36. Rc2 f3 37. Rec1 Rg7 {[%csl Gd4][%cal Rg7g1] Schwarz setzt Matt.} 38. Rxc5+ Kf4 {[%csl Gd4][%cal Rg7g1]} 39. Ke1 Be3 {Precision: Weiß = 20%, Schwarz = 77%.} 0-1

[Event "83rd ESP-ch Women-ch 2018"]
[Site "Linares"]
[Date "2018.08.22"]
[Round "3"]
[White "Aroshidze, Levan"]
[Black "Garcia Vicente, Nieves"]
[Result "1-0"]
[WhiteElo "2504"]
[BlackElo "2181"]
[Annotator "TA"]
[PlyCount "119"]
[EventDate "2018.08.09"]
[EventType "tourn"]
[EventCountry "ESP"]
[SourceTitle "playchess.com"]
[Source "ChessBase"]
[SourceQuality "1"]

{[%evp 17,119,23,24,14,41,18,21,14,33,25,31,17,58,59,51,33,49,26,54,52,58,45,58,56,54,57,62,63,67,56,229,227,266,165,143,104,112,111,113,135,117,119,110,115,122,128,188,196,210,168,165,69,176,179,181,165,160,160,159,154,278,278,271,255,298,290,283,280,312,305,463,419,450,432,514,503,490,469,558,560,698,694,711,669,883,883,855,795,811,772,1370,1392,2679,2460,2643,2478,2070,2319,5683,4638,3067,2811,6075,5861]} 1. e4 e5 2. Nf3 Nc6 3. Bb5 Nf6 4. d3 Bc5 5. Bxc6 dxc6 6. Nbd2 {[%cal Bb1d2,Bd2b3,Bb3a5,Ba5c4][%mdl 32] C65: Ruy Lopez: Berlin Defence (3...Nf6), unusual lines and 4 0-0 Bc5} (6. O-O Qe7 7. h3 Rg8 8. Kh1 Nh5 9. c3 g5 10. Nxe5 g4 11. d4 Bd6 12. g3 Bxe5 13. dxe5 Qxe5 {0-1 (27) Aronian,L (2794)-Kramnik,V (2800) Berlin 2018}) 6... Be6 7. O-O Nd7 8. Nb3 Be7 9. Na5 Rb8 {LiveBook: 3 Games} 10. b3 $146 ({Predecessor:} 10. Bd2 O-O 11. h3 f5 12. exf5 Rxf5 13. Qe2 Bd5 {1-0 (48) Nisipeanu,L (2672)-Wagner,D (2499) Baden-Baden 2014}) 10... c5 11. Bb2 f6 12. Nc4 O-O 13. Ne3 Re8 14. Nh4 Nf8 15. Nhf5 Bd6 16. Kh1 (16. h4 {is more complex.} Qd7 17. a4 Rbd8 18. h5 h6 19. Qg4) 16... Kh8 17. g3 Qd7 18. f4 Bxf5 19. Nxf5 Ne6 {[%cal Re5f4]} 20. Qd2 Nd4 21. Ne3 $1 exf4 22. gxf4 Qh3 23. Qf2 Nc6 $2 {[#]} (23... Red8 $14) 24. Rg1 $1 $18 Bf8 25. Rg4 Nd4 26. Rag1 {And now Bxd4 would win.} Qf3+ 27. Qxf3 Nxf3 28. R1g3 Nd4 29. Bxd4 cxd4 30. Nf5 {[%cal Rf5g7]} g6 31. Nxd4 c6 (31... Rbd8 $16) 32. f5 {[%cal Bf4f5,Bf5g6,Bg6g7][%mdl 32]} Bd6 33. fxg6 Bxg3 {[#]} 34. g7+ $1 Kg8 {Hoping for ...Be1.} 35. Nf5 {[%cal Rf5h6]} ({Resist} 35. Rxg3 $6 Re5 $16) ({Don't play} 35. hxg3 $6 h5 $14) 35... Bf4 36. Rxf4 {[%mdl 4096] Endgame KRR-KRN} Re5 37. Kg2 Rd8 38. Kg3 Rxf5 (38... Rd7 $16 {might work better.} 39. a4 Rxg7+ 40. Nxg7 Kxg7) 39. Rxf5 ({Weaker is} 39. exf5 Kxg7 40. Rg4+ Kh6 $16) 39... Kxg7 $16 {KR-KR} 40. Kf3 Rd7 41. a4 {[%cal Ba2a4,Ba4a5][%mdl 32]} Kg6 42. Ke3 Rd6 43. b4 a6 (43... Rd7 $142 44. c4 Rd8) 44. a5 $18 Rd7 45. d4 {White is clearly winning.} Rd8 46. c4 Rc8 47. Kd3 Rc7 48. h4 {[%cal Bh2h4,Bh4h5][%mdl 32]} Rc8 49. h5+ Kg7 50. d5 cxd5 51. exd5 {[%cal Be4d5,Bd5c6,Bc6c7][%mdl 32]} Kf7 52. Kd4 Ke7 53. Rf4 Kf7 54. c5 Rg8 55. c6 bxc6 56. dxc6 Ke6 57. Kc5 Ke5 58. Rf1 f5 59. Re1+ Kf6 60. c7 {Precision: White = 75%, Black = 40%.} 1-0

[Event "83rd ESP-ch Women-ch 2018"]
[Site "Linares"]
[Date "2018.08.22"]
[Round "3"]
[White "Huerga Leache, Mikel"]
[Black "Sanchez Jerez, Emilio Miguel"]
[Result "1-0"]
[WhiteElo "2451"]
[BlackElo "2246"]
[Annotator "TA"]
[PlyCount "99"]
[EventDate "2018.08.09"]
[EventType "tourn"]
[EventCountry "ESP"]
[SourceTitle "playchess.com"]
[Source "ChessBase"]
[SourceQuality "1"]

{[%evp 14,99,32,20,44,32,71,75,64,17,20,22,31,29,28,16,15,10,72,64,138,22,41,43,69,45,30,24,26,0,0,0,22,37,60,66,85,77,55,54,59,54,95,64,61,62,56,38,52,25,15,0,18,0,7,0,5,8,11,-16,93,82,283,277,368,356,460,464,462,459,432,425,412,427,377,164,451,433,534,532,502,494,533,294,458,449,432,357]} 1. Nf3 d5 2. b3 Nf6 3. Bb2 g6 4. c4 c6 5. g3 Bg7 6. Bg2 O-O 7. O-O Nbd7 8. Qc2 {LiveBook: 101 Games} dxc4 {A11: English Opening: 1...c6} (8... Re8 9. cxd5 cxd5 10. Rc1 e5 11. Qc7 Qxc7 12. Rxc7 b6 13. Nc3 e4 14. Nd4 Bf8 15. d3 a6 16. dxe4 dxe4 17. Rd1 Rb8 {1-0 (75) Artemiev,V (2696)-Mikaelyan,A (2503) St Petersburg 2017}) 9. bxc4 Qc7 10. d4 Re8 {White is better.} 11. h3 $146 ({Predecessor:} 11. Nbd2 Rb8 12. Rad1 h6 13. e4 e5 14. Nxe5 Nxe5 15. dxe5 Ng4 16. c5 {1-0 (32) Timman,J-Van Dop,A Leeuwarden 1972}) 11... e5 12. dxe5 Nh5 $1 {[%cal Rd7e5]} 13. e3 Nxe5 {[#] Hoping for ...Bf5.} 14. Nd4 Qe7 15. Nd2 Nd7 (15... c5 $11 {remains equal.} 16. Ba3 Rb8) 16. Rae1 Nf8 (16... f5 $14) 17. e4 (17. g4 $16 Nf6 18. f4) 17... Qc7 18. Kh2 Ne6 19. N4b3 Bxb2 20. Qxb2 a5 $1 21. e5 a4 22. Nd4 a3 (22... Nc5 {feels hotter.} 23. Qa3 Qa5 24. f4 Bf5 25. Nxf5 gxf5 26. Rd1 Rad8) 23. Qc3 Qa5 24. Qxa5 Rxa5 {[#]} 25. N4b3 $1 {[%cal Rb3a5]} Ra4 26. Ne4 Rd8 27. Rc1 Ra8 28. Rfd1 Rxd1 29. Rxd1 Kf8 30. Bf3 Nhg7 31. Nf6 h5 32. g4 hxg4 33. Bxg4 Ke7 34. Kg3 Ne8 35. Ne4 b6 36. Nd6 Bd7 (36... Nxd6 $11 37. Rxd6 (37. exd6+ Kd8 $15) 37... Bd7) 37. Nxf7 $1 $16 {Black must now prevent Nh8.} Ra4 $2 (37... N8g7 $16 {was called for.}) 38. Nh8 $18 Bc8 39. c5 bxc5 40. Bxe6 Bxe6 41. Nxc5 ({Not} 41. Nxg6+ Kf7 $18) 41... Rc4 42. Nxg6+ Kf7 43. Nxe6 Kxe6 {[%mdl 4096] Endgame KRN-KRN} 44. Rd3 (44. f4 $142) 44... Ng7 $2 (44... Kf5) 45. Rd6+ Kf5 46. Rf6+ Ke4 47. Rf4+ Kd3 {intending ...Nh5+.} 48. Rf3+ Kc2 (48... Ke4 {was worth a try.} 49. Rf4+ Kd5) 49. Rxa3 Nf5+ 50. Kh2 {Precision: White = 44%, Black = 37%.} 1-0

[Event "83rd ESP-ch Women-ch 2018"]
[Site "Linares"]
[Date "2018.08.22"]
[Round "3"]
[White "Garriga Cazorla, Pere"]
[Black "Orantes Taboada, Francisco"]
[Result "1-0"]
[WhiteElo "2444"]
[BlackElo "2242"]
[Annotator "TA"]
[PlyCount "115"]
[EventDate "2018.08.09"]
[EventType "tourn"]
[EventCountry "ESP"]
[SourceTitle "playchess.com"]
[Source "ChessBase"]
[SourceQuality "1"]

{[%evp 24,115,8,20,49,0,0,-24,-41,-25,-25,-17,-23,-50,-22,-97,-89,-137,-103,-137,-58,-49,-43,-61,-31,-70,-24,-52,0,0,0,0,0,0,0,0,22,0,30,37,75,67,85,30,48,49,29,0,0,0,0,0,0,0,0,0,0,-52,0,0,0,0,0,0,27,24,25,29,33,21,24,0,0,0,0,0,0,0,0,0,16,15,15,15,85,11,66,0,0,0,0,0,0,0]} 1. d4 Nf6 2. c4 g6 3. Nc3 d5 4. Bg5 Ne4 5. Bh4 Nxc3 6. bxc3 Bg7 7. cxd5 Qxd5 8. e3 c5 9. Nf3 Nc6 10. Be2 Bf5 11. O-O O-O 12. Nd2 {D91: Grünfeld: 4 Nf3 Bg7 5 Bg5} cxd4 13. cxd4 {LiveBook: 32 Games} Nxd4 (13... e5 14. Bf3 Qd6 15. Nc4 Qb4 16. Bxc6 Qxc4 17. Bxb7 Rab8 18. Qf3 exd4 19. Bd5 Qb4 20. e4 Be6 21. Rad1 Qc3 22. Qf4 Bxd5 23. exd5 Qc5 24. Bf6 Bxf6 25. Qxf6 Qxd5 26. Qxd4 Qxa2 27. Ra1 {½-½ (27) Gelfand,B (2758)-Carlsen,M (2801) Moscow 2009}) 14. exd4 {White is slightly better.} Qxd4 15. Nf3 Qxa1 16. Qxa1 Bxa1 17. Rxa1 Rfd8 18. h3 $146 ({Predecessor:} 18. Bc4 Rdc8 19. Bb3 a5 20. Bxe7 {1-0 (58) Bach,N (1707)-Solozhenkina,E (2062) Porto Carras 2015}) 18... Rac8 19. Bd1 (19. Bg5 $1 $11 {remains equal.}) 19... f6 $17 20. Nh2 Rd4 21. Bg3 Bc2 (21... Be6 $17 22. Nf1 b5) 22. Bg4 $15 Rc6 23. Nf1 b5 24. Ne3 Be4 25. Bd1 Kg7 (25... a5 $15) 26. f3 $11 Bd3 27. Be1 e5 28. Bb3 f5 29. Bf2 Rd7 30. Be1 Rdc7 31. Bd2 Bc4 32. Bc3 Re7 33. Bxc4 (33. Nxc4 $16 bxc4 34. Ba4) 33... bxc4 34. f4 Rd7 35. Rc1 Kf7 36. fxe5 Rd3 37. Kf2 f4 38. Nf1 Ra6 39. Rc2 Ra3 40. Ba1 (40. Bd2 $11) 40... Rd1 (40... f3 $1 $15) 41. Bc3 a5 42. Ke2 Rd3 43. Ba1 f3+ 44. gxf3 Rxf3 45. Bb2 $1 {[%cal Rb2a3]} Rad3 46. Rxc4 {Hoping for Rc7+.} Rxh3 47. Nd2 Rhe3+ 48. Kd1 g5 49. Kc2 Rd7 50. Bc3 Ke6 51. Rc6+ Kf5 52. Nc4 Re2+ 53. Bd2 Kg4 (53... Rdxd2+ $11 54. Nxd2 Rxe5) 54. Kc3 (54. Rd6 $16 Re7 55. Kd3) 54... h5 (54... Rdxd2 $1 $11 55. Nxd2 Rxe5) 55. Rg6 {[#]} ({Better is} 55. e6 $14 Rd8 56. Rc5) 55... Rdxd2 $1 {[%mdl 512] The position is equal.} 56. Nxd2 {Threatens to win with Nc4.} Rxe5 57. Kd3 h4 58. Ne4 {[%mdl 32768] Precision: White = 56%, Black = 53%. . Loss on Time!?} 1-0

[Event "83rd ESP-ch Women-ch 2018"]
[Site "Linares"]
[Date "2018.08.22"]
[Round "3"]
[White "Cruz Lledo, Pablo"]
[Black "Anton Guijarro, David"]
[Result "1/2-1/2"]
[WhiteElo "2432"]
[BlackElo "2652"]
[Annotator "TA"]
[PlyCount "61"]
[EventDate "2018.08.09"]
[EventType "tourn"]
[EventCountry "ESP"]
[SourceTitle "playchess.com"]
[Source "ChessBase"]
[SourceQuality "1"]

{[%evp 26,61,0,0,0,0,0,0,0,0,8,-20,0,0,0,0,0,0,66,0,59,0,0,-35,0,0,108,104,89,34,27,37,174,189,241,296,264,77]} 1. d4 Nf6 2. c4 e6 3. Nc3 Bb4 4. Qc2 d6 5. a3 Bxc3+ 6. Qxc3 O-O 7. Nf3 b6 8. e3 Bb7 9. Be2 Nbd7 10. O-O Ne4 11. Qc2 f5 12. b4 Rf6 13. Bb2 Rh6 14. d5 {LiveBook: 10 Games. E32: Nimzo-Indian: Classical (4 Qc2): 4...0-0} c5 15. Rad1 Qe7 (15... e5 16. g3 Qf6 17. Nh4 g5 18. Ng2 Qg6 19. f4 Rh3 20. Bf3 Nef6 21. Ne1 gxf4 22. exf4 {1-0 (44) Bukavshin,I (2539)-Matlakov,M (2676) St Petersburg 2013}) 16. g3 {The position is equal.} exd5 $146 ({Predecessor:} 16... Rf8 17. Ne1 Ng5 18. f4 Nh3+ 19. Kg2 exd5 20. Bf3 Qxe3 21. bxc5 Nxc5 {1-0 (42) Koshevoy,S (2284)-Andronov,I (2039) Moscow 2008}) 17. cxd5 Rc8 18. b5 Rf8 19. Ne1 Ng5 20. Ng2 Nh3+ 21. Kh1 Ng5 (21... Nf6 $11) 22. Kg1 (22. f3 $14) 22... Kh8 ({Better is} 22... Nh3+ $11 23. Kh1 Nf6) 23. f4 (23. f3 $14) 23... Ne4 $11 24. Bf3 Re8 25. Qa4 a6 (25... Ndf6 $11 {remains equal.}) 26. bxa6 $16 Ra8 {[#]} 27. a7 ({White should play} 27. Nh4 $1 $16 {[%cal Rh4f5]} Rxh4 28. gxh4) 27... Ndf6 $14 28. Nh4 $36 {[%mdl 2048] White fights for an advantage.} Rxh4 (28... Bc8 $14) 29. gxh4 $18 Nxd5 (29... Bc8 {was necessary.} 30. Bxf6 Nxf6) 30. Bxe4 $1 fxe4 31. f5 $2 {Precision: White = 42%, Black = 41%.} (31. Rfe1 $18 {has better winning chances.}) 1/2-1/2

[Event "83rd ESP-ch Women-ch 2018"]
[Site "Linares"]
[Date "2018.08.22"]
[Round "3"]
[White "Ladron de Guevara Pinto, Paolo"]
[Black "Blazquez Gomez, Juan Carlos"]
[Result "1-0"]
[WhiteElo "2424"]
[BlackElo "2240"]
[Annotator "TA"]
[PlyCount "63"]
[EventDate "2018.08.09"]
[EventType "tourn"]
[EventCountry "ESP"]
[SourceTitle "playchess.com"]
[Source "ChessBase"]
[SourceQuality "1"]

{[%evp 11,63,85,77,84,106,108,149,157,289,256,346,260,260,258,266,258,258,260,260,260,260,264,266,264,244,255,263,256,252,255,264,190,243,257,244,0,149,129,120,79,329,340,568,552,707,684,654,652,958,723,1270,1263,1225,1212]} 1. e4 d5 2. exd5 Nf6 3. Bb5+ Bd7 4. Bc4 {[%cal Bb5c4,Bc4b3,Bb3a4][%mdl 32]} b5 5. Bb3 a5 6. a4 bxa4 {LiveBook: 9 Games. B01: Scandinavian Defence} 7. Rxa4 Bxa4 8. Bxa4+ Nbd7 {[#]White is better.} 9. Nf3 $1 {[%mdl 1024] White has strong compensation.} Qb8 $146 (9... g6 $16) ({Predecessor:} 9... Ra6 10. Ne5 Rd6 11. Nc3 e6 12. d4 exd5 13. Bg5 Be7 14. Bxf6 Bxf6 15. Nxd7 Rxd7 16. Nxd5 {1-0 (35) Wurschner,M (2229)-Liew,C (1879) IECG email 2003}) 10. Ne5 Qb4 11. c4 e6 12. O-O ({Don't do} 12. dxe6 $6 fxe6 13. Nc3 Bd6 $18) 12... Bd6 13. dxe6 fxe6 14. d4 Bxe5 15. dxe5 O-O-O 16. exf6 Nb6 17. fxg7 Rhg8 {[#]} 18. Qf3 $1 {Bb5 is the strong threat.} Qxa4 19. Bg5 Rde8 20. b3 Qb4 21. Bd2 Qc5 (21... Qd6 $142 22. Qh5 (22. Bxa5 Rxg7 23. Nc3 Rf8 $16) 22... Qd3) 22. Be3 $18 Qb4 23. Bd2 Qc5 $1 24. Nc3 $36 {[%mdl 2048] Black must now prevent Be3. White is in control.} Rxg7 25. Be3 Qb4 $2 (25... Rf8 $16 {is a better defense.}) 26. Nb5 Kb8 $2 (26... Nd5 27. Na7+ (27. cxd5 Qxb5 28. dxe6 Qb7 $11) 27... Kb7 28. cxd5 Qg4 29. Qxg4 Rxg4) 27. Qc6 {White is clearly winning.} Qe7 {[#] and the idea ...Qd7 leaves Black hopeful.} 28. Nxc7 $1 {[%mdl 512]} Qxc7 29. Qxe8+ Nc8 30. Qxe6 Qb7 31. Qe5+ Qc7 32. Bf4 {Precision: White = 85%, Black = 46%.} 1-0

[Event "83rd ESP-ch Women-ch 2018"]
[Site "Linares"]
[Date "2018.08.22"]
[Round "3"]
[White "Vega Gutierrez, Sabrina Neide"]
[Black "Perez Candelario, Manuel"]
[Result "1/2-1/2"]
[WhiteElo "2390"]
[BlackElo "2611"]
[Annotator "TA"]
[PlyCount "102"]
[EventDate "2018.08.09"]
[EventType "tourn"]
[EventCountry "ESP"]
[SourceTitle "playchess.com"]
[Source "ChessBase"]
[SourceQuality "1"]

{[%evp 19,102,6,0,-24,-22,-20,-25,-28,-22,-16,-30,-23,-27,-31,-17,-19,-15,-20,0,-11,-5,-6,-6,-11,-10,-11,-6,-20,-6,-18,-6,-52,-45,-52,-55,-90,-29,-34,-12,-14,-19,-17,-16,-14,-8,-39,-43,-31,-37,-34,-28,-57,-66,-115,-105,-104,-104,-161,-191,-209,-195,-264,-262,-362,-341,-490,-470,-712,-671,-933,-779,-1502,-5816,-5093,-5545,-4678,-4262,-29983,-29984,-29983,-29967,-29990,-29991,-29991,-29989]} 1. e4 c5 2. Nf3 e6 3. d4 cxd4 4. Nxd4 a6 5. Be2 Nf6 6. Nc3 d6 7. O-O Nbd7 8. f4 b5 9. Bf3 Bb7 10. Re1 Be7 {LiveBook: 5 Games. B84: Sicilian Scheveningen: 6 Be2 a6, lines without early Be3} (10... Rc8 11. a4 b4 12. Nd5 g6 13. Nxb4 Bg7 14. c3 O-O 15. e5 Bxf3 16. Qxf3 dxe5 17. fxe5 Nd5 18. Nxd5 exd5 {½-½ (37) Alekseenko,K (2499)-Fedorchuk,S (2669) Wroclaw 2014}) 11. e5 Bxf3 $1 12. Qxf3 dxe5 {The position is equal.} 13. Nc6 $1 {[%cal Rc6d8]} Qb6+ 14. Be3 Bc5 {[#] Threatens to win with ...Bxe3+.} 15. Nxe5 ({Reject} 15. fxe5 Bxe3+ 16. Qxe3 (16. Rxe3 $2 Ng4 $19) 16... Qxc6 $17) 15... Bxe3+ 16. Qxe3 O-O 17. Ne4 $146 ({Predecessor:} 17. Nxd7 Nxd7 18. Rad1 Rfd8 19. Kf1 Qxe3 20. Rxe3 Nc5 21. Ke2 Rxd1 {½-½ (21) Diez Timofeva,A-Arriaran,M Euskadi 1992}) 17... Qxe3+ 18. Rxe3 Rfc8 19. Nxd7 (19. Nxf6+ {is more complex.} Nxf6 20. c3 Nd5 21. Re4 a5 22. Kf2) 19... Nxd7 20. c3 Nb6 21. Rd3 h6 22. g3 Rab8 23. b3 g6 24. Rc1 Rc6 25. c4 bxc4 26. Rdc3 {[%cal Rb3c4]} Rd8 27. R3c2 {[%cal Rb3c4] [#]} Rd4 (27... f5 $1 $17 {[%cal Rf5e4]} 28. Nf2 Rd4) 28. Nd2 $11 Kf8 29. Nf3 Rdd6 30. Ne5 Rc5 31. bxc4 g5 32. Rb2 {Strongly threatening Rxb6!} (32. Rb1 $5 {[%cal Rb1b6]} Nd7 33. Nxd7+ Rxd7 34. fxg5 $11) 32... Nd7 33. Nxd7+ Rxd7 34. fxg5 hxg5 $15 {[%mdl 4096] Endgame KRR-KRR} 35. Kf2 Rd4 36. Rbc2 Ke7 37. Ke3 e5 {[%cal Be6e5,Be5e4][%mdl 32]} 38. h3 (38. Rb1 $17 {was necessary.}) 38... f5 $19 39. Rc3 Ke6 40. Ra3 (40. Kf3 {was called for.}) 40... a5 ({Less strong is} 40... Rcxc4 41. Rxa6+ Kf7 42. Rb1 $11) 41. Kf3 e4+ ({Weaker is} 41... Rcxc4 42. Rxc4 Rxc4 43. Rxa5 $17) 42. Ke3 (42. Ke2 $142 f4 43. Rac3) 42... Ke5 43. Rb3 (43. Ke2 $142 f4 44. Rac3) 43... f4+ 44. gxf4+ gxf4+ {[%cal Bg5f4,Bf4f3][%mdl 32]} 45. Ke2 Rdxc4 46. Rxc4 Rxc4 {KR-KR} 47. Rb5+ Kd4 48. Rxa5 f3+ {Black mates.} 49. Kd1 e3 50. Rf5 e2+ 51. Kd2 Ke4 {[%mdl 32768] Precision: White = 47%, Black = 57%. . An unexpected result.} 1/2-1/2